London Underground Lines Colours - Statistics

General Stats
  • This quiz has been taken 209 times
  • The average score is 8 of 11
Answer Stats
Color Line % Correct
Red Central
94%
Black Northern
93%
Yellow Circle
90%
Brown Bakerloo
88%
Green District
82%
Grey Jubilee
78%
Light Blue Victoria
77%
Pink Hammersmith & City
72%
Purple/Burgundy Metropolitan
71%
Dark Blue Picadilly
59%
Orange East London
14%
No matching quizzes found
Score Distribution
Percent of People with Each Score
Percentile by Number Answered
Your Score History
You have not taken this quiz